Neverbálna komunikácia v diplomatickej praxi

Analýza neverbálnej komunikácie v diplomatickej praxi ako špecifickej formy profesionálnej komunikácie a súčasti inštitucionálnej komunikácie. Predstavenie spôsobov diplomatickej signalizácie ako súčasti neverbálnej komunikácie v relatívne úzkej odbornej komunite prostredníctvom empirického výskumu,...

Ausführliche Beschreibung

Gespeichert in:
Bibliographische Detailangaben
1. Verfasser: Rusiňáková, Jarmila, 1959-
Format: Buchkapitel
Sprache:Slowakisch
Schlagworte:
Tags: Tag hinzufügen
Keine Tags, Fügen Sie das erste Tag hinzu!

MARC

LEADER 00000naa$a2200000$$$4500
001 0279804
005 20240502074335.3
041 0 |a slo 
044 |a SK 
245 1 0 |a Neverbálna komunikácia v diplomatickej praxi  |c Jarmila Rusiňáková 
520 |a Analýza neverbálnej komunikácie v diplomatickej praxi ako špecifickej formy profesionálnej komunikácie a súčasti inštitucionálnej komunikácie. Predstavenie spôsobov diplomatickej signalizácie ako súčasti neverbálnej komunikácie v relatívne úzkej odbornej komunite prostredníctvom empirického výskumu, s analýzou vzájomnej závislosti verbálnej a neverbálnej komunikácie v diplomatickom diskurze. Dôležitosť správneho dekódovania diplomatických signálov vysielaných verbálne aj neverbálne. Zložky (funkcie) diplomatického diskurzu a prejavy (aspekty) neverbálnej komunikácie v diplomatickej praxi z pohľadu využívaného komunikačného kanálu. 
610 2 0 |a komunikácia neverbálna 
610 2 0 |a kompetencie komunikačné 
610 2 0 |a diplomati 
610 2 0 |a diplomacia 
610 2 0 |a politika 
610 2 0 |a orgány štátne 
610 2 0 |a komunikácia verbálna 
100 1 |a Rusiňáková, Jarmila, 1959-